| 000 | 00838nam a2200217Ia 4500 | ||
|---|---|---|---|
| 999 |
_c39256 _d39256 |
||
| 001 | 5842 | ||
| 003 | GE_BSU | ||
| 005 | 20190918113649.0 | ||
| 008 | 181216s1985||||ge |||||||||||||| ||geo|| | ||
| 040 | _cGE_BSU | ||
| 041 | _ageo | ||
| 080 | _a82-93:821.353.1-1 ა-66 | ||
| 100 |
_aანანიძე, ლ. _94068 |
||
| 245 |
_aდედის სიხარული : _bლექსები / _cლევან ანანიძე ; რედ. ზ. ფირცხალაიშვილი. |
||
| 264 |
_aბათუმი : _bსაბჭოთა აჭარა ; _c1985. |
||
| 300 |
_a53 გვ. ; _c16 სმ. |
||
| 653 | _aდედის სიხარული | ||
| 653 | _aლექსები | ||
| 700 |
_aფირცხალაიშვილი, ზ. _e რედაქტორი _93678 |
||
| 942 |
_cBK _2udc |
||